[Event "4 Laender-Cup (Women)"]
[Site "Germany"]
[Date "1993.??.??"]
[Round "?"]
[White "Riesterer, S."]
[Black "Lochte, Szilvia"]
[Result "0-1"]
[WhiteElo "1715"]
[BlackElo "1885"]
[PlyCount "78"]
[EventDate "1993.??.??"]
[EventType "team-tourn"]
[EventRounds "3"]
[EventCountry "GER"]
[SourceTitle "EXT 2004"]
[Source "ChessBase"]
[SourceDate "2003.11.25"]
[SourceVersion "1"]
[SourceVersionDate "2003.11.25"]
[SourceQuality "1"]
[WhiteTeam "Wuerttemberg"]
[BlackTeam "Bayern Muenchen"]
[WhiteTeamCountry "GER"]
[BlackTeamCountry "GER"]

1. d4 e6 2. c4 b6 3. Nc3 Bb7 4. e3 f5 5. Nf3 Nf6 6. g3 Bb4 7. Bd2 0-0 8. Bg2 Nc6 9. 0-0 Ne7 10. a3 Bxc3 11. Bxc3 Ng6 12. Rc1 Ne4 13. Nd2 Nxc3 14. Rxc3 Bxg2 15. Kxg2 Qg5 16. Nf3 Qf6 17. Qd2 d6 18. b4 Rad8 19. c5 dxc5 20. bxc5 b5 21. Qb2 c6 22. a4 a6 23. axb5 axb5 24. Ra3 Rd5 25. Qb3 Kh8 26. Ra6 Rc8 27. Rfa1 Rdd8 28. Qc3 h6 29. Rb6 Qf8 30. Raa6 Re8 31. Qb2 Rc7 32. Qc2 Ne7 33. Ne5 Rec8 34. e4 fxe4 35. Qxe4 Nd5 36. h3 Nxb6 37. cxb6 Rb7 38. Ng6+ Kg8 39. Qd3 Ra8 0-1